The Finkler Queston Lingua inglese

-д хадгалсан:
Номзүйн дэлгэрэнгүй
Үндсэн зохиолч: Howard Jacobon
Формат: Ном
Хэл сонгох:Тодорхойгүй
Хэвлэсэн: Bloomsbury
Шошгууд: Шошго нэмэх
Шошго байхгүй, Энэхүү баримтыг шошголох эхний хүн болох!

MARC

LEADER 00000nam a2200000Ia 4500
001 R-1051
003 CODICE-MESSINA
005 20260212102501.0
008 260211s9999 xx 000 0 und d
040 |c importazione_messina 
100 |a Howard Jacobon 
245 4 |a The Finkler Queston 
245 0 |b Lingua inglese 
260 |b Bloomsbury 
942 |2 ddc  |c BK 
952 |0 0  |1 0  |2 ddc  |4 0  |6 SCAFFALE_10_000000000000000__ROMANZI  |7 0  |9 31880  |a ME  |b ME  |d 2026-02-11  |l 0  |o SCAFFALE 10 - ROMANZI  |p R-1051  |r 2026-02-11 23:52:50  |w 2026-02-11  |x [REVISIONARE]  |y BK 
999 |c 27545  |d 27545